000 01487nam a2200217Ia 4500
003 Ost
005 20260507074934.0
008 260507s9999||||xx |||||||||||||| ||und||
020 _a9789957117092
040 _cfsecg
041 _aara
082 _a519.5
100 _aجودة، محفوظ
_eمؤلف
245 0 _aالتحليل الاحصائي المتقدم باستخدام SPSS /
_c محفوظ جودة
260 _aعمان :
_bدار وائل للنشر,
_c2008
300 _a410 صفحة؛
_bإيضاحات ؛
_c24 سم
504 _aبيبليوغرافيا ص.409
520 _aموضوعات متقدمة في تحليل التباين/1-1 تحلٌيل التبايٌن الثنايئً 1-2 تحليٌل التباٌين المشترك )تحليٌل التغاٌير 1-3 تحلٌل التباٌين المتعدد 1-4 القٌياسات المتكررة الانحدار الخطي المتعدد و المنحي/2-1 الانحدار الخطً المتعدد 2-2 البواقًي فً الانحدار الخطًي 2-3 الانحدار المنحنًي تصنيف المجموعات/3-1 التحلٌيل العنقودي 3-2 التحلٌيل التريمٌزي التحليل العاملي/ جداول الحياة/ الاختبارات اللامعلمية/ الاجابة المتعددة/ بناء الجداول العينات المركبة/ المخططات و الخرائط البيانية
653 _aتحليل احصائي
942 _cكتاب
999 _c41870
_d41870